000 00946nam a2200265 a 4500
001 BRL_1011
005 20190320211008.0
008 311013s1973----mx-#######---#000-0#spa-#
041 _aspa
044 _amx
050 4 _aHD1491.M38
_b.F47 1973
100 1 _aFernández y Fernández, Ramón
_925568
245 1 0 _aCooperación agrícola y organización económica del ejido
_cRamón Fernández y Fernández.
260 _aMéxico
_bSecretaría de Educación Pública
_c1973
300 _a175 p.
_c17 cm.
440 0 _aSepsetentas
_v108
_922717
500 _aAu1126
500 _aEn la portada: ´Esta obra obtuvo mención honorífica en el Premio Anual de Economía Banamex, 1972´
504 _aBibliografía: p. 170-174
650 1 4 _aCooperativas agrícolas
_zMéxico
_925569
650 1 4 _aTenencia de la tierra
_zMéxico
_925570
650 1 4 _aServicios agrícolas
_xaspectos económicos
_zMéxico
_925571
902 _aGRL
942 _2lcc
_cB
999 _c9823
_d9823